000 01374nam a22003857a 4500
003 CHAP
005 20220817042124.0
008 971013s1983 r 00010 d
010 _a35387
011 _a36359
035 _a40478
040 _cCHAP
090 _aTesis
100 0 0 _aPacheco López, Gerardo.
_984563
245 _aSituación actual y perspectivas de las industrias de la celulosa y del papel en México
260 _aChapingo, Méx. :
_bEl autor,
_c1983
300 _a250 h.
502 _aTesis (Ing. Agr. Esp. en Bosques) -- UACH. Departamento de Bosques
590 _aALEPH
_b10
_c20130110
_lUCH01
_h1300
590 _aBATCH-UPD
_b10
_c20130109
_lUCH01
_h2352
590 _aBATCH-UPD
_b10
_c20130110
_lUCH01
_h2136
590 _aBATCH-UPD
_b10
_c20130409
_lUCH01
_h1924
590 _aBATCH-UPD
_b10
_c20130410
_lUCH01
_h1445
590 _aBATCH-UPD
_b10
_c20130914
_lUCH01
_h0907
590 _aCONVERSION
_b10
_c20130109
_lUCH01
_h1320
650 1 4 _aCelulosa
_xFabricación y comercio
_zMéxico.
_920926
650 1 4 _aPapel
_xFabricación y comercio
_zMéxico.
_985385
700 0 _aSánchez Avila, Santiago Daniel.
_9107344
710 0 _aUACH. Departamento de Bosques.
901 _aBK
942 _cFOLL
949 _bBC
_cTES
_d-92500
_eTS1
_i40478
_si
949 _bBC
_cTES
_d-92501
_eTS2
_fc.2
_i40478
_si
949 _bBC
_cTES
_d-92502
_eTS2
_fc.3
_h21589
_i40478
_si
999 _c35387
_d35387